Miestne komunity III. Odraz spoločenského vývoja po roku 1918 na charaktere a štruktúre miestnych komunít na Slovensku

Bibliographic Details
Other Authors: Chorvát, Tomáš (Editor)
Format: Book
Language:Slovak
Published: Banská Bystrica Centrum vedy a výskumu Univerzity Mateja Bela [2014]
Subjects:

MARC

LEADER 00000cam a2200000 a 4500
001 vtls010658121
003 SK-MaSNL
005 20260302084533.0
008 160430s2014 xo a g n 000 0 slo
015 |a SNBA2015/04 
020 |a 9788055702315 (brož.) 
035 |a A34E92AF-65B3-4F93-A9FE-6BED3A3684CB 
035 |a urn:nbn:sk:snk-amkd7f 
035 |a urn:nbn:sk:snk-am008en9 
040 |a SNK  |b slo  |c SNK  |e AACR2 
041 0 |a slo 
043 |a e-xo--- 
044 |a xo  |c SK 
072 7 |a 316.33  |x Ekonomická sociológia. Sociológia inštitúcií, ľudských sídiel a komunít  |2 konspekt 
080 |a 316.334.55/.56  |2 2001 
080 |a 352:328/329  |2 2001 
080 |a 332.055.2  |2 2001 
080 |a (082)  |2 2001 
080 |a 316.3  |2 2001 
245 0 0 |a Miestne komunity  |n III.  |p Odraz spoločenského vývoja po roku 1918 na charaktere a štruktúre miestnych komunít na Slovensku  |c [editor: Tomáš Chorvát] 
246 3 0 |a Odraz spoločenského vývoja po roku 1918 na charaktere a štruktúre miestnych komunít na Slovensku 
260 |a Banská Bystrica  |b Centrum vedy a výskumu Univerzity Mateja Bela  |c [2014] 
300 |a 71 s.  |b tab.  |c 25 cm 
366 |e 100 výt. 
504 |a Bibliogr.: s. 65-70 ; pozn. 
648 7 |a od 1918  |2 SNKPH  |9 418727 
650 0 7 |a komunity  |x sociologické aspekty  |2 SNKPH  |9 410243 
650 0 7 |a komunálna politika  |2 SNKPH  |9 85549 
650 0 7 |a miestny rozvoj  |2 SNKPH  |9 58249 
650 0 7 |a Communities (sociology)  |2 SNKPHeng  |9 315647 
650 0 7 |a Local policy  |2 SNKPHeng  |9 266382 
650 0 7 |a Community development  |2 SNKPHeng  |9 341759 
650 0 7 |a spoločnosť  |2 SNKPH  |9 1013 
650 0 7 |a Society  |2 SNKPHeng  |9 265080 
651 7 |a Slovensko  |2 SNKPH 
651 7 |a Slovakia  |2 SNKPHeng  |9 92630 
655 7 |a zborníky  |2 SNKPH  |9 70165 
655 7 |a Miscellanea  |2 SNKPHeng  |9 265155 
700 1 |a Chorvát, Tomáš  |4 edt  |9 410244 
852 |a Štátna vedecká knižnica v Banskej Bystrici 
919 |a 978-80-557-0231-5 
958 |a NB 
999 |c 1188310  |d 1190240 
952 |a SNK  |b SNK  |y PREZ  |7 0  |p 17A1142091  |o snkSC 163858  |i snk2015/10094  |8 0  |0 0  |1 0  |4 0  |d 2015-03-23  |f 1  |l 0  |r 2025-08-27 00:00:00  |w 2026-02-24 
952 |a SNK  |b SNK  |y VYP  |7 0  |p 17A1142092  |o snkSC 163858 D1  |i snk2015/10095  |8 0  |0 0  |1 0  |4 0  |d 2015-03-23  |l 0  |r 2026-02-24 22:02:26  |w 2026-02-24